000 00828nam a2200229Ia 4500
001 L200-58129
003 IT-CnALBA
008 170116s9999||||xx |||||||||||||| ||und||
040 _aIT-CnALBA
_cIT-CnALBA
041 _aITALIANO
100 _aCOLOMBO GIUSEPPE
245 0 _aUN'ISOLA TEOLOGICA. LA TEOLOGIA DI CARLO COLOMBO.
250 _a1a ed.
260 _aMILANO
_bGLOSSA EDIZIONI
_c2004 [1° Ed.:2004 - Ed.Ling.Originale: 2004]
300 _a141 p.
500 _aUN'ISOLA TEOLOGICA. LA CULTURA TEOLOGICA DEL CLERO E LAICATO.
501 _aSocietà San Paolo EM - Piazza San Paolo, 14 - 12051 ALBA (CN) (non commercial uses only) ® Copyright 2017
520 _aUN'ISOLA TEOLOGICA. LA CULTURA TEOLOGICA DEL CLERO E LAICATO.
650 _aRELIGIONE - RELIGIONE CRISTIANA
942 _cBK
957 _71
999 _a75629
_bNO
_g Copie: 1
_c316930
_d316930